000 00716nam a2200241Ia 4500
003 OSt
005 20220923213218.0
006 a|||||r|||| 00| 0
007 ta
008 220922b |||||||| |||| 00| 0 hin d
024 _a159,903
037 _cTextual
040 _aARTS
_cARTS
_bhin
041 _2hin
_ahin
082 _aO152,3:g, J5
100 _aत्रिभुवन सिंह
245 0 _aउपन्यास और यथार्थवाद
246 _aUpanyās aur yathārthavāda
260 _c1955
650 _aहिन्दी साहित्य
_9156264
942 _hO152,3:g, J5
_cTEXL
_2CC
999 _c314650
_d314650